Boroughs of Greater Manchester on a Map - Statistics

General Stats
  • This quiz has been taken 477 times
  • The average score is 7 of 10
Answers on the Map
Answers color-coded by a green-red scale on the quiz's map according to % correct below.
 
Answer Stats
Metropolitan Borough % Correct
City of Manchester
88%
City of Salford
83%
Bolton
81%
Oldham
76%
Stockport
75%
Bury
74%
Rochdale
74%
Wigan
71%
Trafford
64%
Tameside
48%
No matching quizzes found
Score Distribution
Percent of People with Each Score
Percentile by Number Answered
Your Score History
You have not taken this quiz